| 000 | 00982cam a2200313 i 4500 | ||
|---|---|---|---|
| 001 | 200437736 | ||
| 003 | TR-AnTOB | ||
| 005 | 20241108163651.0 | ||
| 007 | ta | ||
| 008 | 160927s2015 tu tur | ||
| 020 | _a9786053443247 | ||
| 040 |
_aTR-AnTOB _beng _cTR-AnTOB _erda |
||
| 041 | 0 | _atur | |
| 050 | _aHD85 | ||
| 090 |
_aHD85 _b.H3557 2015 |
||
| 100 |
_aHalisçelik, Ergül _9128168 |
||
| 245 | 1 |
_aBinyıl kalkınma hedefleri ve yoksul odaklı büyüme / _cDr. Ergül Halisçelik. |
|
| 264 | 1 |
_aAnkara: _bGazi Kitabevi, _c2015. |
|
| 300 |
_axxxii, 451 pages ; _billustrations, _c24 cm |
||
| 336 |
_2rdacontent _atext _btxt |
||
| 337 |
_2rdamedia _aunmediated _bn |
||
| 338 |
_2rdacarrier _avolume _bnc |
||
| 504 | _aIncludes bibliographical references. | ||
| 590 | _aDonated by Serdar Sayan. | ||
| 650 | 7 |
_aEkonomik kalkınma _99621 _2etuturkob |
|
| 651 | 7 |
_aTürkiye _xEkonomi politikası _911070 |
|
| 942 |
_2lcc _cBK |
||
| 999 |
_c200437736 _d55948 |
||